| 000 | 03125nam0a2200421 4500 | ||
|---|---|---|---|
| 001 | RU\NLR\BIBL_A\012174334 | ||
| 005 | 20200130152108.0 | ||
| 010 |
_a978-5-6043527-0-0 _9500 |
||
| 021 |
_aRU _bКН-П-19-092828 _9КН-П-19-6797 |
||
| 035 | _a(NLR Aleph) 012174334 | ||
| 035 | _a(RuMoRGB)010185811 | ||
| 090 |
_a12255897 _c12255897 |
||
| 100 | _a20191227d2019 k y0rusy50 ca | ||
| 101 | 0 |
_arus _aeng |
|
| 102 | _aRU | ||
| 105 | _aac||z|||000zy | ||
| 200 | 1 |
_aПедагогическое мастерство и современные педагогические технологии _eсборник материалов X Международной научно-практической конференции, Чебоксары, 20 сентября 2019 г. _fФедеральное государственное бюджетное образовательное учреждение высшего образования "Чувашский государственный университет им. И. Н. Ульянова", Актюбинский региональный государственный университет имени К. Жубанова, [Интерактив плюс Центр научногго сотрудничества _gредакционная коллегия: ... Яковлева Татьяна Валериановна, ответственный редактор и др.] |
|
| 210 |
_aЧебоксары _cИнтерактив плюс _d2019 |
||
| 215 |
_a195 с. _cил., портр., табл. _d20 |
||
| 300 | _aЧасть текста англ. | ||
| 320 | _aБиблиогр. в конце ст. | ||
| 606 | 1 |
_aПедагогическое мастерство _jСъезды, совещания и т.п _91407039 _3RU\NLR\AUTH\66592579 |
|
| 606 | 1 |
_aПедагогические технологии _jСъезды, совещания и т.п _92076378 _3RU\NLR\AUTH\661251519 |
|
| 610 | 0 | _aобразование | |
| 610 | 0 | _aобучение | |
| 610 | 0 | _aпедагогика | |
| 686 | 1 | _aЧ312я431 | |
| 686 | 1 | _aЧ314.2я431 | |
| 702 | 1 |
_4340 _aЯковлева _bТ. В. _cспециалист в обл. образования _gТатьяна Валериановна _9132337 _3RU\NLR\AUTH\770132371 |
|
| 711 | 1 | 2 |
_a"Педагогическое мастерство и современные педагогические технологии", международная научно-практическая конференция _d10 _eЧебоксары _f2019 _9691721 _3RU\NLR\AUTH\880515556 |
| 712 | 0 | 2 |
_4570 _aЧувашский государственный университет им. И. Н. Ульянова _cЧебоксары _9301657 _3RU\NLR\AUTH\8814249 |
| 712 | 0 | 2 |
_4570 _aАктюбинский региональный государственный университет им. К. Жубанова _9632502 _3RU\NLR\AUTH\880486045 |
| 942 | _cBOOK | ||
| 980 | _aNBR | ||
| 980 | _aNB | ||